[Event "Novosibirsk"]
[Site "Novosibirsk"]
[Date "1995.??.??"]
[Round "11"]
[White "Khalifman, Alexander"]
[Black "Dreev, Alexey"]
[Result "1/2-1/2"]
[WhiteElo "2655"]
[BlackElo "2670"]
[Annotator "King,D"]
[PlyCount "31"]
[EventDate "1995.10.??"]
[EventType "tourn"]
[EventRounds "11"]
[EventCountry "RUS"]
[EventCategory "15"]
[SourceTitle "CBM 050"]
[Source "ChessBase"]
[SourceDate "1996.02.01"]
[SourceVersion "1"]
[SourceVersionDate "1996.02.01"]
[SourceQuality "1"]

1. e4 e6 2. d4 d5 3. Nc3 Nf6 4. e5 Nfd7 5. f4 c5 6. Nf3 Nc6 7. Be3 cxd4 8. Nxd4
Bc5 9. Qd2 Nxd4 10. Bxd4 Bxd4 11. Qxd4 Qb6 12. Nb5 (12. Qxb6 $142 $1 Nxb6 {
Black's knight is further away from challenging the d4 square on c6.}) 12...
Qxd4 13. Nxd4 Ke7 14. O-O-O Nb8 {Black can afford the luxury of such moves
when the centre is blocked. Of course, time is still an important factor, but
the positioning of the pieces is more important. Here, it is desirable for
Black to challenge the blockading knight on d4, after which it is difficult
for White to prove an advantage. It is more testing for Black if White
exchanges queens on b6 on the twelth move.} 15. Bd3 Nc6 16. Nf3 1/2-1/2

[Event "RUS-ch"]
[Site "Elista"]
[Date "1995.??.??"]
[Round "3"]
[White "Khalifman, Alexander"]
[Black "Ulybin, Mikhail"]
[Result "1/2-1/2"]
[WhiteElo "2655"]
[BlackElo "2545"]
[Annotator "Hansen,Cu"]
[PlyCount "59"]
[EventDate "1995.10.??"]
[EventType "swiss"]
[EventRounds "11"]
[EventCountry "RUS"]
[SourceTitle "CBM 050"]
[Source "ChessBase"]
[SourceDate "1996.02.01"]
[SourceVersion "1"]
[SourceVersionDate "1996.02.01"]
[SourceQuality "1"]

1. e4 {King} e6 2. d4 d5 3. Nc3 Nf6 4. Bg5 Be7 5. e5 Nfd7 6. Bxe7 Qxe7 7. f4 a6
{King: In order to prevent Nb5. Of course 7...0-0 would rule out 8 Nb5 as well,
and that is the principal alternative in this position, but Ulibin does not
wish to commit his king at such an early stage in the game: he has no need to
when the centre is blocked. Instead he plays a strategically subtle game,
waiting to see where his king will be best placed.} 8. Qd2 b6 {Khalifman has
had certain problems with the setup. He lost with white against Karsten
Mueller at the Hamburg SKA GM-tournament in Hamburg 1991.   Blacks setup is
solid but quite passive. He does not necessesarily wants to liberate his
somewhat cramped position with cxd4 and/or f7-f6 and fxe5. Instead he tries to
keep the position closed and whites spaceadvantage under control. Often black
places his king on the queenside where Bb7 makes the kings position more safe
than it would be on g8.} 9. Nd1 c5 10. c3 Nc6 11. Nf3 f5 {In line with blacks
opening idea. Control instead of activity. Whites longterm hope of a
breakthrogh - f4-f5 - is made impossible. Whatever white will do now has to be
done on kingside where he still has spaceadvantage. But he will have to use a
massive buildup of his forces before g4xf5 will have any impact on blacks
position.  King: White's most usual plan in this kind of position is to play
for the pawn break f4-f5, so Black gets in there first. The pawn on f5
fulfills another role: if a Black knight were to find itself on c5, then it
would have a superb square to head for on e4, supported by two pawns.} 12. Ne3
Bb7 13. Bd3 {King: White threatens Bxf5. Black could prevent this by castling
kingside, or queenside for that matter, but instead continues the waiting game
with his king.  This is good strategy. If 13...0-0, then White has the natural
attacking plan of g2-g4 available to him.  13...0-0-0 was more feasible,
though who knows, the king might be better placed in the centre. There is no
need to make a decision yet.} g6 14. h3 h5 {A important decision. Black
decides to allow the opening of the h-line and does not care about the
weakening of square g5. The positive thing is that the frontline to defend is
made shorter as the h-pawn is exchanged. Negative is that white now will get
to open lines to operate on. The h-file and the g-file(after g4xf5)} 15. O-O $6
{I think white should keep his rook on the h-file. I like 15.g3 followed by
Kf2 and  - maybe after some preparatory mowes - g3-g4. One of the good mowes
before white plays g3-g4 could be a2-a3 to stop counterattacks like 16. - cxd4
17. cxd4 Qb4.} cxd4 16. cxd4 Qb4 {If white had played 15. g3 he could now for
instance play 17. Rc1 with ideas like 18. Qxb4 Nxb4 19. Bb1. The big
difference is that white could take back on d2 with his king.} 17. Rad1 Qxd2
18. Rxd2 Ke7 $10 {King: The king turns out to be well placed on e7, protecting
the e-pawn which could come under attack from a knight moving to g5 at an
unfortunate moment.} 19. g4 $6 {To impatient. 19. g3 followed by 20. Rg2 and
maybe g3-g4 would be one idea of improvement.} hxg4 20. hxg4 fxg4 $1 {In
connection with the next move the tactical refutation of whites 19th move.} 21.
Nxg4 Raf8 {[%csl Rd4,Rf4,Rg6]} 22. Kg2 (22. Ng5 Rh4 $1 (22... Nxd4 $5)) 22...
Rxf4 23. Kg3 Rhf8 24. Be2 {White has achieved some of the positional gains he
wanted. The h-file is opened and Blacks is played with a limited army as Bb7
is almost useless - at least for active operations. Unfortunately the price
has been to high. To many pawn exchanges and a pawn down.} R4f5 25. Rc1 Kd8 {
[%cal Yc6e7,Ye7f5]} 26. Nh4 Rg5 27. Nf3 Rgf5 28. Nh4 Rg5 29. Nf3 Rgf5 30. Nh4
1/2-1/2

[Event "RUS-ch"]
[Site "Elista"]
[Date "1995.??.??"]
[Round "4"]
[White "Burmakin, Vladimir"]
[Black "Khalifman, Alexander"]
[Result "0-1"]
[WhiteElo "2500"]
[BlackElo "2655"]
[Annotator "Hecht,H"]
[PlyCount "150"]
[EventDate "1995.10.??"]
[EventType "swiss"]
[EventRounds "11"]
[EventCountry "RUS"]
[SourceTitle "CBM 050"]
[Source "ChessBase"]
[SourceDate "1996.02.01"]
[SourceVersion "1"]
[SourceVersionDate "1996.02.01"]
[SourceQuality "1"]

1. d4 Nf6 2. Nf3 g6 3. c4 Bg7 4. Nc3 O-O 5. g3 d6 6. Bg2 Nc6 7. O-O Rb8 8. b3
a6 9. Bb2 b5 10. d5 Na5 11. cxb5 axb5 12. Nd4 b4 13. Na4 e5 14. Nc2 Bd7 15. Qe1
Bxa4 16. bxa4 Nc4 17. Rb1 Nxb2 18. Rxb2 e4 19. Rxb4 Nxd5 20. Rxe4 Rb2 21. Qd2
Nc3 22. Rc4 Nxa2 23. Bc6 Qb8 24. Qe3 Rb3 25. Qe7 Nc3 26. e3 Rb2 27. Ne1 Qb3 28.
Rh4 Qb6 29. Qd7 Bf6 30. Rc4 Qb3 31. Bb5 Nxa4 32. Rxa4 Qxb5 33. Qxb5 Rxb5 34.
Nd3 Rfb8 35. Rc4 Bd8 36. Kg2 Kf8 37. Ra1 Ke8 38. Raa4 c5 39. Ra6 R5b6 40. Ra7
R6b7 41. Ra6 Rb6 42. Ra2 Rb3 43. Nf4 Rb2 44. Ra7 R8b7 45. Ra8 Rd2 46. h4 Rbb2
47. Nh3 Ra2 48. Rca4 Rxa4 49. Rxa4 Kd7 50. Ng5 Bxg5 51. hxg5 {T-T Motive: 1
schwarzer Mehr(frei-)bauer, weißer Rückgewinn des B auf Kosten der Stellung,
sehr schlechte wK-Position, soäter verbundene Freibauern, Taktik} d5 52. Rf4
Ke7 53. Kf1 c4 54. Ke1 c3 55. Rf6 Kd7 56. Rxf7+ (56. Ra6 $1 {/\Ta1-c1}) 56...
Kd6 57. Rxh7 (57. Ra7 Rb2 58. Ra1 Kc5 $17) 57... Ra2 58. Kd1 Rxf2 59. Rh4 Rd2+
60. Kc1 (60. Ke1 Rg2 (60... Rd3 61. Ke2 c2 62. Rh1 $15) 61. Kd1 Rxg3 62. Ke2 c2
63. Rh1 (63. Kd2 Rxe3 64. Kxc2 Rg3 $19) 63... Rxg5 64. Kf3 (64. Rc1 Rg2+ $19)
64... Rf5+ 65. Ke2 Rf8 $19) 60... Re2 61. Rh6 Rxe3 62. Rxg6+ Kc5 63. Kc2 Rxg3
64. Kb3 d4 65. Rg8 Kd5 66. g6 Ke4 67. g7 Kd3 $1 68. Rh8 Rxg7 69. Rh3+ Ke4 70.
Rh4+ Ke3 71. Rh3+ Kf2 72. Rd3 Rd7 73. Kc2 Ke2 74. Rh3 d3+ 75. Kxc3 d2 0-1

[Event "RUS-ch"]
[Site "Elista"]
[Date "1995.??.??"]
[Round "5"]
[White "Khalifman, Alexander"]
[Black "Ruban, Vadim"]
[Result "1-0"]
[WhiteElo "2655"]
[BlackElo "2535"]
[Annotator "Chekhov,V"]
[PlyCount "72"]
[EventDate "1995.10.??"]
[EventType "swiss"]
[EventRounds "11"]
[EventCountry "RUS"]
[SourceTitle "CBM 050"]
[Source "ChessBase"]
[SourceDate "1996.02.01"]
[SourceVersion "1"]
[SourceVersionDate "1996.02.01"]
[SourceQuality "1"]

1. d4 Nf6 2. c4 e6 3. Nf3 d5 4. Nc3 c5 5. cxd5 Nxd5 6. e4 Nxc3 7. bxc3 cxd4 8.
cxd4 Bb4+ 9. Bd2 Bxd2+ 10. Qxd2 O-O 11. Bc4 Nc6 12. O-O b6 13. Rad1 Bb7 14.
Rfe1 Rc8 15. d5 exd5 (15... Na5 16. Bd3 exd5 17. e5 Rc7 $5 18. Qf4 Bc8 19. h4
h6 20. Nd4 Qe7 21. Qg3 Nc4 22. Bb1 $146 {Loginov,V-Vaulin,A/URS/1985/1|0/37/})
16. exd5 $5 (16. Bxd5 $5 Qc7 (16... Na5 17. Qf4 Qc7 18. Qf5 Bxd5 19. exd5 Qc2
20. Qf4 Qxa2 21. d6 $16 {Spassky,B-Petrosian,T/Moscow(Wm)/1969/1|0/30/}) 17.
Qg5 h6 18. Qg4 Rfd8 19. h3 Nb4 20. Nd4 $1 $36 {Kolev,A-Delchev,A/Elenite/1994/
1|0/26/}) 16... Na5 17. Bf1 Qd6 18. Ng5 Rcd8 (18... h6 19. Ne4 Qg6 20. Qf4 $36)
19. Qd3 Qh6 (19... Qg6 20. Qxg6 hxg6 21. d6 $16) 20. Qf5 Bc8 21. Qf4 Nb7 $1 (
21... f6 22. Ne6 Qxf4 23. Nxf4 $36) 22. Re7 f6 23. Ne6 Qxf4 24. Nxf4 Rf7 25.
Re3 (25. d6 Kf8 $1 26. Rxf7+ Kxf7 27. Bc4+ Kf8) 25... Rc7 $132 (25... Nd6 $5) (
25... g5 $5 26. Ne6 Bxe6 27. Rxe6 Kg7 $132) 26. h4 Kf7 27. h5 g5 (27... Re7 28.
Ne6 (28. Rc3 $5) 28... Bxe6 29. dxe6+ Kf8 30. Rxd8+ Nxd8 31. Bc4 Rc7 32. Bb3
Ke7 $132) 28. hxg6+ hxg6 29. Rde1 Rh8 (29... g5 $6 30. Ne6 Bxe6 31. dxe6+ Ke7
32. Rh3 $16) 30. d6 $1 Nxd6 31. Nd5 Rd7 32. Re7+ Kf8 (32... Rxe7 33. Rxe7+ Kf8
34. Rxa7 $18) 33. Rxd7 Bxd7 34. Nxf6 Bf5 $6 (34... Bc8 35. Rd1 Nf5 (35... Ke7
36. Nd5+ $36) 36. Rc1 $14) 35. g4 Kf7 $4 (35... Bc8) 36. gxf5 Kxf6 (36... Kxf6
37. Re6+ $18) 1-0

[Event "RUS-ch"]
[Site "Elista"]
[Date "1995.??.??"]
[Round "8"]
[White "Krasenkow, Michal"]
[Black "Khalifman, Alexander"]
[Result "1/2-1/2"]
[WhiteElo "2590"]
[BlackElo "2655"]
[PlyCount "47"]
[EventDate "1995.10.??"]
[EventType "swiss"]
[EventRounds "11"]
[EventCountry "RUS"]
[SourceTitle "CBM 050"]
[Source "ChessBase"]
[SourceDate "1996.02.01"]
[SourceVersion "1"]
[SourceVersionDate "1996.02.01"]
[SourceQuality "1"]

1. Nf3 Nf6 2. c4 c5 3. Nc3 Nc6 4. e4 d6 5. d4 cxd4 6. Nxd4 g6 7. Be2 Nxd4 8.
Qxd4 Bg7 9. O-O O-O 10. Qe3 Be6 11. Rb1 Qb6 12. Qd3 Rfc8 13. b3 Nd7 14. Nd5
Bxd5 15. exd5 Qd4 16. Qh3 Nc5 17. Be3 Qf6 18. f4 Qc3 19. Rfc1 Qf6 20. Bg4 Rc7
21. f5 g5 22. Rf1 h6 23. Rbd1 Nd7 24. Bd4 1/2-1/2

[Event "RUS-ch"]
[Site "Elista"]
[Date "1995.??.??"]
[Round "9"]
[White "Khalifman, Alexander"]
[Black "Fominyh, Alexander"]
[Result "1-0"]
[WhiteElo "2655"]
[BlackElo "2515"]
[Annotator "Stohl,I"]
[PlyCount "105"]
[EventDate "1995.10.??"]
[EventType "swiss"]
[EventRounds "11"]
[EventCountry "RUS"]
[SourceTitle "CBM 050"]
[Source "ChessBase"]
[SourceDate "1996.02.01"]
[SourceVersion "1"]
[SourceVersionDate "1996.02.01"]
[SourceQuality "1"]

1. d4 Nf6 2. Nf3 c5 3. d5 b5 4. Bg5 Bb7 5. Bxf6 exf6 6. e4 c4 (6... Qb6 7. Be2
Bd6 8. O-O O-O 9. a4 bxa4 10. Nbd2 Ba6 11. Bxa6 Qxa6 12. b3 Re8 13. Rxa4 Qb7
14. Re1 Bf8 15. Nc4 d6 16. Qa1 Nd7 17. Na5 Qc8 18. Nc6 a6 19. Nd2 Nb6 20. Ra2
f5 21. c4 g6 22. e5 Bg7 23. f4 $16 {Soln,P-Pinter,A/Ljubljana op/1994/}) (6...
Qe7 7. Nbd2 b4 8. Bc4 g6 9. O-O Bg7 10. a3 O-O 11. axb4 cxb4 12. Nb3 Qxe4 13.
Na5 Ba6 14. Re1 Qf4 15. Qd3 Qd6 16. Bxa6 Qxa6 17. Nc4 Qb7 18. Ra4 f5 19. Rea1
a6 20. Qe2 a5 21. Rxa5 Rxa5 22. Rxa5 Na6 23. b3 $16 {Khuzman,A-Rashkovsky,N/
URS-FL Kuibishev/1986/}) (6... a6 7. a4 b4 8. Bc4 d6 9. a5 Nd7 10. c3 bxc3 11.
bxc3 Be7 12. O-O O-O 13. Qd3 Qc7 14. Nbd2 Rfb8 15. g3 Bc8 16. Ra2 g6 17. Kg2
Nf8 18. Re1 Bd7 19. Nf1 h5 20. Ne3 Rb7 21. Nd2 Bb5 22. f4 Nd7 23. Rh1 $14 {
Polgar,Zsu-Andruet,G/Val Maubuee op/1988/}) 7. Be2 (7. a4 a6 8. Be2 Bc5 9. O-O
O-O 10. axb5 axb5 11. Rxa8 Bxa8 12. b3 cxb3 13. Bxb5 $6 (13. cxb3 $14) 13...
bxc2 14. Qxc2 d6 15. Qa4 Bb7 16. Nbd2 f5 17. Bc4 Nd7 18. exf5 Nf6 19. Qb3 Qa8
20. Rb1 Bc8 21. Qd3 Ng4 22. Ne4 Bxf5 23. Nf6+ gxf6 $1 $15 {Goetz,R-Hertneck,G/
BL 9192/1992/}) 7... Bc5 8. O-O a6 (8... O-O 9. b3 $5 cxb3 10. axb3 a6 11. c3
Re8 12. Bd3 d6 13. b4 Bb6 14. Na3 Nd7 15. c4 bxc4 16. Nxc4 Ne5 17. Nfxe5 fxe5
18. Na5 Qd7 19. Qa4 Qxa4 20. Rxa4 Bxa5 21. bxa5 f5 22. Rb4 fxe4 23. Bxe4 Bc8
24. Rb6 Rd8 25. Rc1 $16 {[%csl Ra6,Rd6][%cal Gc1c8] <->c,><a6,d6,Schlosser,
P-Kraenzle,H/BL 9495/1995/}) 9. a4 Qb6 10. c3 $5 (10. axb5 axb5 11. Rxa8 Bxa8
12. Nc3 O-O 13. b3 cxb3 14. cxb3 f5 (14... Re8 15. Qd3 $1 (15. Qa1 Bb4 16. Bd3
Na6 17. Nxb5 f5 18. exf5 Bxd5 19. Nbd4 Nc5 20. Bc4 Be4 $44 {1/2/Malaniuk,
V-Hodgson,J/Pardubice/1993/}) 15... Bb7 16. Qxb5 Ba6 17. Qa4 Bxe2 18. Nxe2 Na6
19. Qxd7 Rxe4 20. Nc3 Rb4 21. d6 {1-0/Piket,J-Brenninkmeijer/Groningen ECJ/
1986/}) 15. exf5 b4 16. Na4 Qa5 17. Nxc5 Qxc5 18. Bc4 d6 19. f6 $1 Nd7 20. fxg7
Re8 21. Ng5 Nf6 22. Qa1 Ng4 23. Qb1 Nf6 24. Qa1 Ng4 25. Qa4 Nf6 26. Nh3 Bxd5
27. Bxd5 Qxd5 28. Qxb4 $16 {Browne,W-Quinteros,M/Buenos Aires Konex/1979/})
10... O-O 11. Nd4 Re8 (11... Bxd4 12. cxd4 $14 {[%csl Rb7,Rb8] [+],פb8,Bb7})
12. Bf3 d6 13. axb5 axb5 14. Rxa8 Bxa8 15. b4 $1 $36 (15. b3 Nd7 $5 16. b4 $1
$14) 15... cxb3 (15... Bxd4 16. Qxd4 $5 Qxd4 17. cxd4 Na6 18. Nc3 Nc7 19. Ra1
Bb7 20. Ra7 $36 {_|_}) 16. Qxb3 Bxd4 (16... b4 $2 17. Qa4 $18) 17. cxd4 {
[%csl Gd4,Gd5,Ge4] White has a classical center (Pd4,e4), which greatly limits
Black's counterplay.} Na6 (17... Qxd4 18. Qxb5 Rf8 19. Na3 $16 {[%csl Ra8,Rb8,
Rd6] פb8,Ba8,d6}) 18. Na3 Rb8 19. Rd1 g6 20. Nc2 Bb7 (20... b4 21. Ne3 {
[%cal Re3c4,Re3g4] /\Ng4,Nc4->}) 21. Be2 Bc8 22. h3 Bd7 (22... f5 $6 23. e5 $16
{[%csl Gd5,Ge5] [+]}) 23. Ra1 Ra8 (23... Nc7 $142 $14 {/\} 24. Qb2 $6 f5) 24.
Qb2 $1 Nc7 25. Rxa8+ Nxa8 26. Qa1 Nc7 27. Nb4 $16 {[%csl Gd4,Gd5,Ge4,Rb5] ><b5,
[+]} h5 28. Bd3 Kf8 29. Kf1 Bc8 30. Ke2 Bb7 31. f3 (31. g4 $5 $16) 31... Kg7 (
31... Na6 32. Qc3 $16) (31... f5 $5 32. Qc3 $36 (32. exf5 Nxd5 33. Nxd5 Bxd5
34. fxg6 fxg6 35. Bxg6 b4 $44)) 32. g4 $1 h4 33. Ke3 Na6 34. Nxa6 Bxa6 35. Qc3
Bb7 (35... b4 $2 36. Qc6 Qxc6 37. dxc6 Bc8 38. Bc4 $18) 36. Qb4 Ba6 37. f4 g5 (
37... Kg8 38. Kd2 {[%cal Yd2c3,Ye4e5] /\Kc3,e5}) 38. f5 $1 Kf8 39. Qc3 {
[%cal Rc3c6] /\Qc6} Bb7 $8 40. Qb4 Ba6 41. Kd2 Ke8 42. Kc2 Kd7 43. Kb2 Kc8 (
43... Qb7 44. Qa5 $18 {[%cal Yb2b4] /\Kb3-b4}) (43... Kc7 44. e5 $1 fxe5 45.
dxe5 Qc5 46. Qxc5+ dxc5 47. f6 Kd8 (47... c4 48. e6 $1 $18) 48. e6 Ke8 49. d6
$1 fxe6 50. Bg6+ $18) 44. e5 $1 $18 fxe5 45. dxe5 Kd8 (45... dxe5 46. Qf8+ Qd8
47. Qxf7 $18 {[%csl Gd5,Gf5] o^d,f}) (45... Qf2+ 46. Bc2 $1 (46. Kb3 Qf3 $1) (
46. Ka3 Qe3 47. Qc3+ Kd8 48. exd6 $2 Qxd3 $1 49. Qxd3 b4+ $19) 46... dxe5 47.
Qf8+ $18) 46. e6 (46. exd6 $2 Kd7 $14) 46... f6 (46... fxe6 47. dxe6 Ke7 48.
Qc3 $18) 47. Qc3 Ke7 48. Qc6 $1 Qb7 (48... Qxc6 $142 49. dxc6 d5 50. Kb3 $1 (
50. c7 Kd6 51. Bxb5 Bc8 52. Kc3 Kxc7 53. Kd4 Kd6 $10) 50... Kd6 51. Kb4 Kxc6
52. Ka5 Bc8 (52... Bb7 53. Bxb5+ Kd6 54. Kb6 Ba8 55. e7 $1 Kxe7 56. Ka7 $18)
53. Bxb5+ Kd6 54. Kb6 Bxe6 55. fxe6 Kxe6 56. Kc5 Ke5 57. Bd3 Kf4 58. Kxd5 Kg3
59. Ke4 Kxh3 60. Kf3 Kh2 61. Bf1 Kg1 62. Bg2 Kh2 63. Kf2 h3 64. Bf1 f5 65. gxf5
g4 66. Bxh3 $1 $8 gxh3 (66... g3+ 67. Kf1 Kxh3 68. Kg1 $18) 67. f6 Kh1 68. f7
h2 69. Kg3 Kg1 70. f8=Q h1=Q 71. Qf2#) 49. Kb3 Qc8 50. Kb4 Bb7 51. Qxc8 Bxc8
52. Kxb5 Bb7 53. Bc4 {[%csl Rb7] ץb7 The endgame is lost for Black, as he
will lose his Bishop.} (53. Bc4 Kd8 54. Kb6 Bc8 55. Kc6 Ke7 56. Kc7 $18) 1-0